[Event "Muensterland Verbandsliga 1819"]
[Site "Germany"]
[Date "2018.12.15"]
[Round "5.8"]
[White "Droste, Laurenz"]
[Black "Hofene, Josef"]
[Result "0-1"]
[WhiteElo "1619"]
[BlackElo "1770"]
[PlyCount "56"]
[EventDate "2018.09.01"]
[EventType "team-tourn"]
[EventRounds "9"]
[EventCountry "GER"]
[SourceTitle "EXT 2020"]
[Source "ChessBase"]
[SourceDate "2019.10.17"]
[SourceVersion "1"]
[SourceVersionDate "2019.10.17"]
[SourceQuality "1"]
[WhiteTeam "Raesfeld Erle II"]
[BlackTeam "Beelen"]
[WhiteTeamCountry "GER"]
[BlackTeamCountry "GER"]

1. f4 e5 2. fxe5 d6 3. Nf3 dxe5 4. e4 Bc5 5. Bc4 Qe7 6. c3 Nf6 7. d4 exd4 8. cxd4 Qxe4+ 9. Qe2 Bb4+ 10. Bd2 Bxd2+ 11. Nbxd2 Qxe2+ 12. Kxe2 0-0 13. Rhe1 Nc6 14. Kf1 Bf5 15. Rac1 Rad8 16. Bb5 Nxd4 17. Nxd4 Rxd4 18. Nf3 Rb4 19. Re5 Rxb5 20. Rxb5 Bd3+ 21. Kg1 Bxb5 22. Nd4 c6 23. b3 Bd3 24. Nf3 Be4 25. Nd2 Rd8 26. Nc4 Kf8 27. h3 b5 28. Ne3 Rd2 0-1

[Event "Muensterland Verbandsklasse 1718"]
[Site "Germany"]
[Date "2018.01.27"]
[Round "5.6"]
[White "Droste, Laurenz"]
[Black "Schuurmans, Han"]
[Result "1/2-1/2"]
[WhiteElo "1646"]
[BlackElo "1710"]
[PlyCount "153"]
[EventDate "2017.09.16"]
[EventType "team-tourn"]
[EventRounds "9"]
[EventCountry "GER"]
[SourceTitle "EXT 2019"]
[Source "ChessBase"]
[SourceDate "2018.10.10"]
[SourceVersion "1"]
[SourceVersionDate "2018.10.10"]
[SourceQuality "1"]
[WhiteTeam "Raesfeld Erle II"]
[BlackTeam "Suedlohn II"]
[WhiteTeamCountry "GER"]
[BlackTeamCountry "GER"]

1. f4 Nf6 2. b3 d5 3. e3 Bf5 4. Bb2 e6 5. Nf3 h5 6. Bb5+ c6 7. Bd3 Bxd3 8. cxd3 Nbd7 9. Nc3 Bd6 10. Ne2 Qb6 11. Qc2 Qa6 12. e4 Nc5 13. e5 Nxd3+ 14. Kd1 Nxb2+ 15. Qxb2 Ba3 16. Qc2 Ne4 17. Rf1 0-0-0 18. Nfd4 g6 19. d3 Nc5 20. Rf3 Nd7 21. Rb1 Bb4 22. a4 Kb8 23. Nc3 Qb6 24. Nde2 a6 25. Na2 Be7 26. b4 Rc8 27. d4 f6 28. Qb2 fxe5 29. fxe5 Rhf8 30. Nf4 Rce8 31. Nxe6 Rxf3 32. gxf3 Nxe5 33. a5 Qa7 34. Qe2 Nc4 35. Nc5 Nd6 36. Qe6 Nf5 37. Nd7+ Kc7 38. Nb6 Rd8 39. Qxg6 Ne3+ 40. Ke2 Nc4 41. Qg3+ Bd6 42. Qg7+ Kb8 43. Nd7+ Kc8 44. Nc5 Qb8 45. Ne6 Re8 46. Qf7 Re7 47. Qf5 Kd7 48. Rg1 Qe8 49. Kf2 Rxe6 50. Rg7+ Kd8 51. Qg5+ Kc8 52. Rg8 Bf8 53. Qf5 Kc7 54. Rxf8 Re2+ 55. Kg3 h4+ 56. Kf4 Qe3+ 57. Kg4 Nd6 58. Qh7+ Qe7 59. Qxe7+ Rxe7 60. Nc3 Re3 61. Na4 Rd3 62. Rf6 Nb5 63. Nc5 Rd2 64. Rf7+ Kc8 65. Rf8+ Kc7 66. Rf7+ Kc8 67. Rf8+ Kc7 68. Rf7+ Kd8 69. Kxh4 Rxh2+ 70. Kg3 Rb2 71. Rxb7 Nxd4 72. Nxa6 Nb3 73. Rb6 Kd7 74. Nc5+ Nxc5 75. bxc5 Ra2 76. a6 d4 77. Kf4 1/2-1/2

[Event "Muensterland Regionalliga 1617"]
[Site "Germany"]
[Date "2017.01.14"]
[Round "5.8"]
[White "Doehler, Thorsten"]
[Black "Droste, Laurenz"]
[Result "1-0"]
[WhiteElo "1821"]
[BlackElo "1648"]
[PlyCount "91"]
[EventDate "2016.09.17"]
[EventType "team"]
[EventRounds "9"]
[EventCountry "GER"]
[SourceTitle "EXT 2018"]
[Source "ChessBase"]
[SourceDate "2017.10.13"]
[SourceVersion "1"]
[SourceVersionDate "2017.10.13"]
[SourceQuality "1"]
[WhiteTeam "Duelmen"]
[BlackTeam "Raesfeld Erle"]
[WhiteTeamCountry "GER"]
[BlackTeamCountry "GER"]

1. e4 e6 2. d4 b6 3. Nc3 Bb4 4. a3 Bxc3+ 5. bxc3 Bb7 6. Bd3 Ne7 7. Ne2 0-0 8. 0-0 f5 9. f3 Qe8 10. c4 fxe4 11. fxe4 Ng6 12. Nf4 d6 13. Qg4 Nxf4 14. Bxf4 Nd7 15. Bg5 c5 16. d5 exd5 17. exd5 Bc8 18. Qh4 g6 19. Be7 Rf7 20. Rxf7 Qxf7 21. Bxd6 Qf6 22. Qxf6 Nxf6 23. Re1 Bd7 24. Re7 Re8 25. Rxe8+ Bxe8 26. Bb8 a6 27. Ba7 Nd7 28. Be2 h5 29. c3 Kg7 30. Bd1 b5 31. cxb5 axb5 32. Be2 c4 33. Bd4+ Kf7 34. Kf2 Ke7 35. a4 Nf6 36. axb5 Bxb5 37. Bxf6+ Kxf6 38. h4 Ke5 39. Bf3 Kf4 40. g3+ Ke5 41. Ke3 Be8 42. Be4 Bf7 43. d6 Kxd6 44. Kd4 Be8 45. Bd5 Bb5 46. Bf7 1-0

[Event "Muensterland Verbandsklasse 1617"]
[Site "Germany"]
[Date "2016.10.22"]
[Round "2.6"]
[White "Droste, Laurenz"]
[Black "Scharlow, Siegmar"]
[Result "1/2-1/2"]
[WhiteElo "1639"]
[BlackElo "1703"]
[PlyCount "81"]
[EventDate "2016.09.24"]
[EventType "team"]
[EventRounds "9"]
[EventCountry "GER"]
[SourceTitle "EXT 2018"]
[Source "ChessBase"]
[SourceDate "2017.10.13"]
[SourceVersion "1"]
[SourceVersionDate "2017.10.13"]
[SourceQuality "1"]
[WhiteTeam "Raesfeld Erle II"]
[BlackTeam "Nienberge II"]
[WhiteTeamCountry "GER"]
[BlackTeamCountry "GER"]

1. f4 d5 2. e3 Nc6 3. b3 e5 4. Bb5 exf4 5. Bxc6+ bxc6 6. exf4 Qf6 7. Nc3 Qxf4 8. Qf3 Bd6 9. Qxf4 Bxf4 10. Nge2 Bh6 11. Bb2 Nf6 12. Na4 Ne4 13. d3 Nd6 14. Nd4 Nf5 15. Nxf5 Bxf5 16. 0-0 Be6 17. Ba3 Be3+ 18. Kh1 0-0-0 19. Rae1 d4 20. Bc5 a5 21. Nb2 Rd5 22. Ba3 Rg5 23. Nd1 Bd2 24. Re2 Bb4 25. Bc1 Rh5 26. Nf2 Bd6 27. h3 g5 28. Kg1 g4 29. Nxg4 Rc5 30. Bb2 Rd5 31. Ne3 Rg5 32. Bxd4 Rhg8 33. Bf6 R5g6 34. h4 Bg3 35. h5 Rh6 36. Nf5 Rxf6 37. Nxg3 Rxf1+ 38. Nxf1 Rg5 39. Nh2 Rxh5 40. Nf3 Kd7 41. g4 1/2-1/2

[Event "Muensterland Verbandsklasse 1516"]
[Site "Germany"]
[Date "2016.02.20"]
[Round "6.8"]
[White "Droste, Laurenz"]
[Black "Van de Laar, Han"]
[Result "1/2-1/2"]
[WhiteElo "1612"]
[BlackElo "1651"]
[PlyCount "57"]
[EventDate "2015.09.19"]
[EventType "team"]
[EventRounds "9"]
[EventCountry "GER"]
[SourceTitle "EXT 2017"]
[Source "ChessBase"]
[SourceDate "2016.10.25"]
[SourceVersion "1"]
[SourceVersionDate "2016.10.25"]
[SourceQuality "1"]
[WhiteTeam "Raesfeld Erle II"]
[BlackTeam "Suedlohn II"]
[WhiteTeamCountry "GER"]
[BlackTeamCountry "GER"]

1. f4 d6 2. e3 e5 3. fxe5 dxe5 4. Nf3 Bd6 5. d3 Nf6 6. Be2 0-0 7. Nc3 Nc6 8. 0-0 Bg4 9. Ng5 Bxe2 10. Qxe2 h6 11. Nge4 Nxe4 12. Nxe4 f5 13. Nc3 Qh4 14. g3 Qg5 15. Qg2 Qh5 16. Nb5 Rad8 17. b3 Rf7 18. Nxd6 cxd6 19. a3 Qg6 20. Qd5 Kh8 21. Bd2 Rdf8 22. Qg2 Nd8 23. Rf2 Qe6 24. Raf1 g5 25. c4 Qd7 26. Qh3 Kg7 27. Bc3 Kg6 28. Qg2 Ne6 29. b4 1/2-1/2

[Event "Muensterland Verbandsklasse 1415"]
[Site "Germany"]
[Date "2015.02.07"]
[Round "6.7"]
[White "Leschinsky, Sven"]
[Black "Droste, Laurenz"]
[Result "1/2-1/2"]
[WhiteElo "1469"]
[BlackElo "1640"]
[PlyCount "90"]
[EventDate "2014.09.13"]
[EventType "team-tourn"]
[EventRounds "9"]
[EventCountry "GER"]
[SourceTitle "EXT 2016"]
[Source "ChessBase"]
[SourceDate "2015.10.08"]
[SourceVersion "1"]
[SourceVersionDate "2015.10.08"]
[SourceQuality "1"]
[WhiteTeam "Gescher"]
[BlackTeam "Raesfeld Erle II"]
[WhiteTeamCountry "GER"]
[BlackTeamCountry "GER"]

1. e4 e6 2. d4 b6 3. Nf3 Bb7 4. Bd3 c5 5. c3 cxd4 6. cxd4 Bb4+ 7. Nbd2 Ne7 8. a3 Bxd2+ 9. Bxd2 0-0 10. 0-0 f5 11. e5 Nbc6 12. Bc4 Rc8 13. Rc1 Ng6 14. Re1 Nh4 15. d5 Nxf3+ 16. gxf3 Na5 17. Bxa5 Qg5+ 18. Kf1 bxa5 19. dxe6 Rxc4 20. Rxc4 Ba6 21. Qd5 Bxc4+ 22. Qxc4 dxe6 23. Qxe6+ Kh8 24. Rd1 h6 25. Qd5 Re8 26. Qxa5 Qf4 27. Rd8 Qc1+ 28. Ke2 Qc4+ 29. Ke3 Qc1+ 30. Rd2 Qe1+ 31. Kf4 Qg1 32. Kxf5 Qg5+ 33. Ke4 Rxe5+ 34. Qxe5 Qxd2 35. Qd4 Qe2+ 36. Kf4 Qe7 37. b4 Qc7+ 38. Qe5 Qc1+ 39. Qe3 Qc7+ 40. Ke4 Qc2+ 41. Kd4 Qc7 42. Qe8+ Kh7 43. Qe4+ Kh8 44. f4 Qb6+ 45. Kc4 Qxf2 1/2-1/2

[Event "Muensterland Verbandsklasse 1415"]
[Site "Germany"]
[Date "2014.11.15"]
[Round "3.8"]
[White "Droste, Laurenz"]
[Black "Moor, Daniel"]
[Result "0-1"]
[WhiteElo "1640"]
[BlackElo "1568"]
[PlyCount "52"]
[EventDate "2014.09.13"]
[EventType "team-tourn"]
[EventRounds "9"]
[EventCountry "GER"]
[SourceTitle "EXT 2016"]
[Source "ChessBase"]
[SourceDate "2015.10.08"]
[SourceVersion "1"]
[SourceVersionDate "2015.10.08"]
[SourceQuality "1"]
[WhiteTeam "Raesfeld Erle II"]
[BlackTeam "Ochtrup"]
[WhiteTeamCountry "GER"]
[BlackTeamCountry "GER"]

1. f4 d5 2. e3 g6 3. Nf3 Bg7 4. Nc3 Nf6 5. b3 0-0 6. Bb2 c5 7. Be2 Nc6 8. Na4 b6 9. 0-0 e6 10. Ne5 Bb7 11. c4 d4 12. Bf3 Rc8 13. exd4 cxd4 14. b4 Ba8 15. Bxc6 Bxc6 16. b5 Bb7 17. Ba3 Re8 18. Nb2 Nd7 19. Nbd3 Nxe5 20. fxe5 Rxc4 21. Nb4 Bxe5 22. Rxf7 d3 23. Rxb7 Bxh2+ 24. Kh1 Rh4 25. g4 Be5+ 26. Kg2 Rh2+ 0-1

[Event "Muensterland Verbandsklasse 1415"]
[Site "Germany"]
[Date "2014.09.13"]
[Round "1.8"]
[White "Droste, Laurenz"]
[Black "Willermann, Norbert"]
[Result "0-1"]
[WhiteElo "1640"]
[BlackElo "1700"]
[PlyCount "70"]
[EventDate "2014.09.13"]
[EventType "team-tourn"]
[EventRounds "9"]
[EventCountry "GER"]
[SourceTitle "EXT 2016"]
[Source "ChessBase"]
[SourceDate "2015.10.08"]
[SourceVersion "1"]
[SourceVersionDate "2015.10.08"]
[SourceQuality "1"]
[WhiteTeam "Raesfeld Erle II"]
[BlackTeam "Emsdetten Rochade II"]
[WhiteTeamCountry "GER"]
[BlackTeamCountry "GER"]

1. f4 d5 2. e3 c5 3. b3 e6 4. Bb2 Nc6 5. Nf3 Nf6 6. Bb5 Bd7 7. 0-0 a6 8. Bxc6 Bxc6 9. Ne5 Be7 10. d3 0-0 11. Nd2 Rc8 12. Ndf3 Nd7 13. Qe1 Nxe5 14. Nxe5 f6 15. Nf3 Bd6 16. Qg3 Qc7 17. d4 c4 18. Rf2 b5 19. c3 Bb7 20. b4 a5 21. a3 Ra8 22. Qh3 Bc8 23. g4 Bd7 24. g5 e5 25. Qh4 exf4 26. gxf6 Rxf6 27. Rg2 Raf8 28. Qh5 Rf5 29. Qh6 Be8 30. Qe6+ Kh8 31. Nh4 Rh5 32. Qg4 fxe3 33. Nf3 Rhf5 34. Ng5 Qe7 35. Nh3 Bh5 0-1